000 00307nam a2200121Ia 4500
008 190216s9999||||xx |||||||||||||| ||und||
100 _aAlbert Cotton F
245 0 _aChemical Application Of Group Theory
260 _bWiley Eastern Ltd
_c1971
300 _a386p
650 _aChemistry-Chemistry
942 _cBK
999 _c2190
_d2190